00450nam a2200157Ia 4500008004100000020000700041082001500048100002800063245006300091250000700154260006200161300001400223500000700237600003300244650001500277240925s9999 xx 000 0 und d aNA a815.15 ABA aAbasi, Muhammad sarwar 0aTehreeq Pakistan ka seyaseyat kashmery per asrat 1940-1947 aNA aPakistan:bInstitute of Kashmir Student Municipalc,1980. a0bNAfNA aNA aHumanities & Natural Science aLiterature